000 00328nam a2200145Ia 4500
008 230718s9999 xx 000 0 und d
041 _aEng.
082 _aJN125
_bBAG-T
100 _aBagehot,Walter
245 4 _aThe english contitution
260 _aPakistan
_bOk ford
_c2001
300 _a207
650 _aLaw
999 _c31931
_d31931